000 00781nam a2200241 i 4500
001 8136
003 ES-MaACL
005 20250520160802.0
007 t|
008 920225s1990 sp |||| | spa d
020 _a84-206-8548-8
080 _a782.1 Mozart, Wolfgang Amadeus
100 1 _aKunze, Stefan.
_969042
245 1 4 _aLas óperas de Mozart /
_cStefan Kunze ; versión española de Ambrosio Berasain Villanueva.
260 _aMadrid :
_bAlianza,
_c[1990]
300 _a714 p. :
_bil. ;
_c21 cm.
490 1 _aAlianza música ;
_v48
600 1 7 _aMozart, Wolfgang Amadeus,
_d1756-1791
_2embne
_9240565
700 1 _aBerasain Villanueva, Ambrosio.
_927828
830 0 _aAlianza música ;
_v48
_9178062
852 _aES-MaACL
_jL-15519
999 _c8136
_d8136